Score 0/19 Timer 02:00
1 Play Today
Clue 4-Letter Word % Correct
'You can't shake hands with a clenched ____ .' -- Indira GandhiFIST
95.4%
Root vegetable in borschtBEET
89.3%
They are inside shoesFEET
89.1%
Droplets of water in the atmosphereMIST
89%
Have a chatTALK
88.9%
Superlatively goodBEST
88.5%
A big partyFEST
87.2%
Of great statureTALL
83.8%
WorryFRET
83%
A variant of Richard or PatrickRICK
81.7%
Clue 4-Letter Word % Correct
Kite trailerTAIL
81.4%
'I would like to be remembered as a person who wanted to be ____ ... so that other people would also be ____ .' -- Rosa ParksFREE
78.9%
A bagSACK
77.7%
Jonas ____, inventor of the polio vaccineSALK
76.6%
'I'm not afraid of storms, for I'm learning to ____ my ship.' -- Louisa May AlcottSAIL
75.9%
Possibility of dangerRISK
75.5%
Holder of Scrabble tilesRACK
75.2%
'We never know how high we are, till we are called to ____ .' -- Emily Dickinson - RISE
62.1%
____ en place: putting in placeMISE
61.2%

Today's Daily Dose

Remove Ads.
Support Sporcle.
Get the best of Sporcle when you Go Orange. This ad-free experience offers more features, more stats, and more fun while also helping to support Sporcle. Thank you for becoming a member.

You're not logged in!

Compare scores with friends on all Sporcle quizzes.
OR
Log In

Show Comments

Extras

Top Quizzes Today


Score Distribution

Your Account Isn't Verified!

In order to create a playlist on Sporcle, you need to verify the email address you used during registration. Go to your Sporcle Settings to finish the process.

Report this User

Report this user for behavior that violates our Community Guidelines.

Details: